00426nam a2200145 i 450000100060000000300090000600500170001500700030003200800410003510000210007624500880009726000520018530000200023785200230025784472ES-MaACL20230906175023.0t|041123s19061907ne ||||1| fre d1 aJitta, Josephus.13aLa substance des obligations dans le droit international privé /cJosephus Jitta. aLa Haye : b[s.n., c1906-7] (fA. D. Schinkel) a2 v. ; c25 cm. aES-MaACLjF-4600-1